LEADER 01026nam a2200205 i 4500 001 000000063946 003 CaOOAMICUS 005 20130327000000.0 008 130327s1946 xx u000 u eng u 013 $a35118 040 $aSeMil$bita 100 1 $aDix, Gregory .$0(OLS)http://semarc/name/32296 245 14$aThe theology of confirmation in relation to baptism :$ba public lecture in the University of Oxford delivered on January 22nd 1946 /$cBy Gregory Dix Monk of Nashdom Abbey. 260 $aWestminster :$bDacre Press,$c1946. 300 $a42 p. ;$c20 cm. 650 4$aConfermazione - Teologia liturgica.$0(OLS)http://semarc/subject/7612 850 $aSeMil 852 $aSeMil$W1$xVenegono$y1$m2M I 17$j30099$B30099$CSeMilBibl$Z2$F30102 $81 996 $6245$aThe theology of confirmation in relation to baptism :$ba public lecture in the University of Oxford delivered on January 22nd 1946$9(OLS)http://semarc/title/101096 996 $6260$aWestminster :$bDacre Press$9(OLS)http://semarc/publisher/40844 LEADER 01719nam a2200325 i 4500 001 000000350371 003 CaOOAMICUS 005 20220523123825.0 008 220523s2017 gw m u000 u eng u 013 $a11026 020 $a978-3-16-155188-8 040 $aSeMil$bita 100 1 $aCoutts, Joshua,$d<1983- >.$0(OLS)http://semarc/name/115905 245 14$aThe divine name in the Gospel of John :$bsignificance and impetus /$cJoshua J.F. Coutts. 264 1$aTübingen :$bMohr Siebeck,$c2017. 300 $aXvI, 259 p. ;$c24 cm. 490 1 $aWissenschaftliche Untersuchungen zum Neuen Testament. 2. Reihe ;$v447 502 $aTesto rivisto della tesi, University of Edinburgh, 2016 504 $aBibliography, p. [211]-228 650 4$aBibbia - NT - Giovanni - [Relazione con] Isaia.$0(OLS)http://semarc/subject/52315 650 4$aBibbia. Nuovo Testamento. Vangelo secondo Giovanni - Commentari, studi, critica, interpretazioni.$0(OLS)http://semarc/subject/119 650 4$aBibbia - NT - Giovanni - Nome di Dio.$0(OLS)http://semarc/subject/52314 650 4$aBibbia. Antico Testamento. Isaia - [Relazione con] Vangelo di Giovanni.$0(OLS)http://semarc/subject/42384 830 0$aWissenschaftliche Untersuchungen zum Neuen Testament. 2. Reihe ;$v447.$0(OLS)http://semarc/title/3999 850 $aSeMil 852 $aSeMil$W1$xVenegono$y1$m2XA D 447$j232801$B241408$CSeMilBibl$Z2$F241408 $81 996 $6020$a978-3-16-155188-8$9(OLS)http://semarc/number/295928 996 $6245$aThe divine name in the Gospel of John :$bsignificance and impetus$9(OLS)http://semarc/title/440089 996 $6264$aTübingen :$bMohr Siebeck$9(OLS)http://semarc/publisher/30329